| 000 | 00719nam a2200289Ia 4500 | ||
|---|---|---|---|
| 005 | 20260324150923.0 | ||
| 008 | 008 260324s9999 xx 000 0 eng d | ||
| 020 | _a9781003560197 | ||
| 037 | _aEBOOK | ||
| 040 | _aCRL | ||
| 040 | _beng | ||
| 040 | _cCRL | ||
| 041 | _2eng | ||
| 041 | _aeng | ||
| 084 | _qCRL | ||
| 100 |
_aA.S. Collins _91228095 |
||
| 245 | 4 | _aThe Profession of Letters | |
| 245 | 2 | _bA Study of the Relation of Author to Patron, Publisher and Public, 1780-1832 | |
| 260 | _bTaylor and Francis | ||
| 260 | _c1928 | ||
| 365 | _a | ||
| 365 | _b135 | ||
| 856 | _uhttp://www.taylorfrancis.com/books/9781003560197 | ||
| 942 | _cEBOOK | ||
| 999 |
_c1838362 _d1838362 |
||